000 00445nam a2200193Ia 4500
005 20250603145955.0
008 250603s9999 xx 000 0 und d
020 _a9780495082507
050 _aTE 145 .G37/
100 _aGarber, Nicholas J.
245 0 _aTraffic & Highway engineering
250 _a4th ed.
260 _aToronto
260 _bCengage Learning
260 _c2018
300 _a679 p
650 _aToronto
942 _cBK
999 _c43401
_d43401